TAIWAN 2000 year 2000 : the outlook for Taiwan's economy.
| Format: | Book |
|---|---|
| Published: |
Taiwan:
China Economic News Service,
1994.
|
| Subjects: |
| LEADER | 00468cam a2200157 7i4500 | ||
|---|---|---|---|
| 001 | 0000003230 | ||
| 005 | 19991025090000.0 | ||
| 002 | ##000004579 | ||
| 020 | 0 | 0 | |a T000004192 |
| 090 | 0 | 0 | |a TWAN 951.249 |b TAI |
| 245 | 0 | 0 | |a TAIWAN 2000 year 2000 : |b the outlook for Taiwan's economy. |
| 260 | 0 | 0 | |a Taiwan: |b China Economic News Service, |c 1994. |
| 300 | 0 | 0 | |a 186 p.. |
| 650 | 0 | 0 | |a Facts -- |x Miscellaneous |
| 651 | 0 | 0 | |a Taiwan |
| 999 | |a 0000005024 |b Book |c Open shelf |e Business Information Centre | ||